La Divina Comedia
Saved in:
| Hovedforfatter: | |
|---|---|
| Andre forfattere: | |
| Format: | Ukendt |
| Sprog: | engelsk |
| Udgivet: |
Bogotá, Colombia:
Oceano exprés,
2020
|
| Serier: | Clásicos
|
| Fag: | |
| Tags: |
Tilføj Tag
Ingen Tags, Vær først til at tagge denne postø!
|
MARC
| LEADER | 00000 a2200000 4500 | ||
|---|---|---|---|
| 003 | CL-VaPUC | ||
| 005 | 20230121074308.0 | ||
| 008 | 220524b2020 ||||| |||| 00| 0 eng d | ||
| 999 | |c 435553 |d 435551 | ||
| 020 | |a 978-607-400-552-3 | ||
| 040 | |c Pontificia Universidad Católica de Valparaíso | ||
| 082 | 7 | |a 851 ALI 2020 |2 22 | |
| 100 | |a Alighieri, Dante |e autor |9 396 | ||
| 245 | |a La Divina Comedia | ||
| 260 | |a Bogotá, Colombia: |b Oceano exprés, |c 2020 | ||
| 300 | |a 534 páginas | ||
| 490 | |a Clásicos | ||
| 583 | |k Catalogador Asistente |c 20220524 | ||
| 650 | |a Poesías italianas |9 265352 | ||
| 650 | |a Literatura italiana |9 266970 | ||
| 700 | |a Borges, Jorge Luis |e prólogo |9 869670 | ||
| 942 | |2 ddc |c BK | ||
| 952 | |0 0 |1 0 |2 ddc |4 0 |6 851_000000000000000_ALI_2020 |7 0 |8 A |9 583215 |a BIBART |b BIBART |d 2022-05-24 |e 159 |g 10000.00 |i 5651395 |l 2 |o 851 ALI 2020 |p 5651395 |r 2025-03-13 |s 2024-09-26 |t 1 |v 10000.00 |w 2022-05-24 |y BK |k ART | ||